| 000 | 00867nam a2200229Ia 4500 | ||
|---|---|---|---|
| 003 | IN-BaIIA | ||
| 008 | 211028s9999 xx 000 0 eng d | ||
| 020 | _a3-540-54383-X | ||
| 040 | _cIIA Library | ||
| 080 |
_a523.98(082.2) _bUCH |
||
| 111 |
_aInternational Solar-A Science meeting _cJapan _d1990 Oct. 23-26 _917728 |
||
| 245 | 0 |
_aFlare physics in solar activity maximum 22 _bproceedings of the International Solar-A Science meeting held at Tokyo, Japan, 23-26 October 1990 _cedited by Yutaka Uchida |
|
| 260 |
_aBerlin _bSpringer-Verlag _c1991 |
||
| 300 | _ax, 360p. | ||
| 490 | _aLecture notes in physics; vol. 387 | ||
| 650 | _aAstronomy and Astrophysics Thesaurus | ||
| 650 |
_aSolar Activity _91424 |
||
| 650 |
_aSolar Flares _94046 |
||
| 650 |
_aSolar Prominences _93374 |
||
| 700 |
_aUchida, Yutaka, ed. _917729 |
||
| 942 | _cBK | ||
| 999 |
_c10423 _d10423 |
||